000 004480000a22001810004500
003 MACL
005 20151231161532.0
008 151231b xxu||||| |||| 00| 0 eng d
040 _aMACL
_cMACL
041 _aEnglish
082 _a340/JHA
100 _aJhabvala, Noshirvan H.
_925931
245 _aThe Negotiable Instruments Act
260 _bC. jamnadas & Co
_c1988
_aBombay
350 _a26
650 _aLaw
_925932
942 _cBK
_k340/Jha
_2ddc
999 _c34070
_d34070